Gentilés de la métropole stéphanois. Où habitent les ... - Statistiques

Statistiques générales
  • Ce quiz a été pris 7 fois
  • Le résultat moyen est 14 sur 53
Statistiques - réponses
Gentilé Commune % Correct
A Andréziens-Bouthéonnais Andrézieux-Bouthéon
100%
S Stéphanois Saint-Étienne
86%
U Unieutaires Unieux
86%
L Talaudiérois La Talaudière
71%
S Sorbérans Sorbiers
71%
V Villardaires Villars
71%
F Appelous Firminy
43%
G Genilacois Genilac
43%
L Grand-Croisiens La Grand-Croix
43%
L Ricamandois La Ricamarie
43%
L Chambonnaires Le Chambon-Feugerolles
43%
L Lorettois Lorette
43%
R Rouchons Roche-la-Molière
43%
S Lerptiens Saint-Genest-Lerpt
43%
S Saint-Jeandaires Saint-Jean-Bonnefonds
43%
S Saint-Josephais Saint-Joseph
43%
S Saint-Martinaires Saint-Martin-la-Plaine
43%
C Cellieutaires Cellieu
29%
C Castelneuviens Châteauneuf
29%
F Farnayrots Farnay
29%
M Marcenodaires Marcenod
29%
S Saint-Bonnétaires Saint-Bonnet-les-Oules
29%
S Christodaires Saint-Christo-en-Jarez
29%
S Cornillonais Saint-Paul-en-Cornillon
29%
S Mounards Saint-Priest-en-Jarez
29%
T Tartarinaires Tartaras
29%
V Valfleurantins Valfleury
29%
C Çalois Çaloire
14%
D Doizerains Doizieux
14%
F Fontaniards Fontanès
14%
F Fraissillous Fraisses
14%
L Feuillantins La Fouillouse
14%
L Gimoniots La Gimond
14%
L Pontaires La Terrasse-sur-Dorlay
14%
L Tourangeois La Tour-en-Jarez
14%
R Ripagériens Rive-de-Gier
14%
S Couramiauds Saint-Chamond
14%
S Baldomériens Saint-Galmier
14%
S Héandais Saint-Héand
14%
S Sampoutaires Saint-Paul-en-Jarez
14%
S Saint-Romanaires Saint-Romain-en-Jarez
14%
A Abrienais Aboën
0%
C Chagnotaires Chagnon
0%
C Chambutaires Chambœuf
0%
D Dargoriens Dargoire
0%
L Vallauds La Valla-en-Gier
0%
L Stratiens L'Étrat
0%
L L'Hormois L'Hormois
0%
P Pavezinois Pavezin
0%
R Roziérois Rozier-Côtes-d'Aurec
0%
S Cartusiens Sainte-Croix-en-Jarez
0%
S Gargomançois Saint-Maurice-en-Gourgois
0%
S Niziérois Saint-Nizier-de-Fornas
0%
Aucun quiz correspondant
Distribution des résultats
% des personnes avec chaque résultat
Percentile par nombre de réponses
Votre historique - résultats
Vous n’avez pas pris ce quiz